Fundamentals of senior physical education /

Saved in:
Bibliographic Details
Main Author: Williams, Peter, 1952-
Other Authors: Quinlivan, Tim
Format: Book
Language:English
Published: West End, Qld. : Moreton Bay Publishing, 1991.
Subjects:
LEADER 01069nam a22002898a 4500
001 c000316513
003 CARM
005 00000000000000.0
008 911015s1991 qea 00110 eng d
019 1 |a 8414342  |z 41067664  |z 45175916  |z 45865456  |5 LACONCORD2021 
020 |a 0949199419 :  |c $28.00 (est.) 
035 |a (OCoLC)27614841  |5 LACONCORD2021 
040 |a ANB  |c ANB 
082 0 4 |a 613.7  |2 20 
100 1 |a Williams, Peter,  |d 1952- 
245 1 0 |a Fundamentals of senior physical education /  |c Peter Williams, Tim Quinlivan. 
260 |a West End, Qld. :  |b Moreton Bay Publishing,  |c 1991. 
300 |a 238 p. :  |c 25 cm. 
500 |a Includes index. 
500 |a For senior secondary school students. 
650 0 |a Physical education and training. 
650 2 |a Biomechanics. 
650 2 |a Exercise. 
700 1 |a Quinlivan, Tim. 
852 8 |b CARM  |h A3:AD01G0  |i C11432  |p 0470232  |f BK 
999 f f |i 743a9488-569c-5dda-b2c8-7146f8e82569  |s e5258285-fc3b-5c61-9a43-4cfd35318d00 
952 f f |p Can circulate  |a CAVAL  |b CAVAL  |c CAVAL  |d CARM 1 Store  |e C11432  |f A3:AD01G0  |h Other scheme  |i book  |m 0470232